Salmonberries /
Gespeichert in:
| Weitere Verfasser: | , , , |
|---|---|
| Format: | |
| Sprache: | Italienisch |
| Veröffentlicht: |
Segrate :
Pentavideo [distributore,
1991?]
|
| Schriftenreihe: | Pepite d'autore
|
| Tags: |
Keine Tags, Fügen Sie das erste Tag hinzu!
|
MARC
| LEADER | 00000ngm a22000007i 4500 | ||
|---|---|---|---|
| 001 | IT\ICCU\CAG\1021575 | ||
| 003 | ItRI | ||
| 005 | 20260124182846.0 | ||
| 008 | 051026s1991 it |||||||||||||||k|||||c | ||
| 028 | 4 | 2 | |a 1017402 |
| 040 | |b ita | ||
| 041 | 7 | |a ita |2 ISO-639-2 | |
| 130 | 0 | |a Salmonberries <film ; 1991> |3 IT\ICCU\CAG\1021579 | |
| 245 | 0 | 0 | |a Salmonberries / |c un film di Percy Adlon. |
| 246 | 1 | 3 | |a A piedi nudi nella neve <videoregistrazione> |9 IT\ICCU\CAG\1021583 |
| 260 | |a Segrate : |b Pentavideo [distributore, |c 1991?] | ||
| 300 | |a 1 videocassetta (VHS) (97 min.) : |b color | ||
| 500 | |a Ripr. del film del 1991; interpreti K.D. Lang, Chuck Connors, Rosel Zech. | ||
| 700 | 1 | |a Adlon, Percy |0 IT\ICCU\RAVV\090321 | |
| 700 | 1 | |a Zech, Rosel |0 IT\ICCU\RAVV\090497 | |
| 700 | 1 | |a Connors, Chuck |0 IT\ICCU\RAVV\393117 | |
| 700 | 1 | |a Lang, K. D. |0 IT\ICCU\UBOV\855454 | |
| 790 | 1 | |a Lang, Kathryn Dawn |3 IT\ICCU\MILV\347231 |z Lang, K. D. | |
| 830 | 0 | |a Pepite d'autore |0 IT\ICCU\UBO\1254348 | |
| 942 | |2 ddc |c VM |n 0 | ||
| 952 | |0 0 |1 0 |4 0 |6 VO_120_000000000000000 |7 0 |9 27128 |a BO |b BO |d 2026-01-24 |i 6318 |l 0 |o VO 120 |p BO6318 |r 2026-01-24 18:28:46 |w 2026-01-24 |x [Sebina 5] [1 videocassetta] |y VM |z 1 videocassetta | ||
| 999 | |c 22962 |d 22962 | ||